000
00292nam a22001217a 4500
005
20230909120849.0
008
230909b |||||||| |||| 00| 0 eng d
041
_a
eng
245
_a
LOK ARADHANA KI ABHIVYAKTI [KHAND-2]
260
_a
LUCKNOW
_b
ETHER PRESS
_c
2023
300
_a
342;p
942
_c
BK
999
_c
8419
_d
8417